Every Current Manchester City Player - Statistics

General Stats
  • This quiz has been taken 76 times
  • The average score is 21 of 33
Answer Stats
Hint Answer % Correct
#31 Brazil/Goalkeeper Ederson
98%
#5 England/Defender John Stones
92%
#2 England/Defender Kyle Walker
92%
#6 Nehterlands/Defender Nathan Ake
90%
#14 France/Defender Aymeric Laporte
89%
#17 Belgium/Midfielder Kevin De Bruyne
89%
#11 Ukraine/Defender Oleksandr Zinchenko
85%
#47 England/Midfielder Phil Foden
85%
#13 United States/Goalkeeper Zack Steffen
85%
#22 France/Defender Benjamin Mendy
84%
#20 Portugal/Midfielder Bernardo Silva
84%
#25 Brazil/Midfielder Fernandinho
84%
#8 Germany/Midfielder Ilkay Gundogan
84%
#27 Portugal/Defender Joao Cancelo
84%
#3 Portugal/Defender Ruben Dias
84%
#9 Brazil/Forward Gabriel Jesus
82%
#7 England/Forward Raheem Sterling
80%
#26 Algeria/Forward Riyad Mahrez
79%
#33 England/Goalkeeper Scott Carson
79%
#10 Argentina/Forward Sergio Aguero
75%
Manager Pep Guardiola
67%
#16 Spain/Midfielder Rodrigo
67%
#21 Spain/Forward Ferran Torres
61%
#50 Spain/Defender Eric Garcia
52%
#80 England/Midfielder Cole Palmer
43%
#48 England/Forward Liam Delap
33%
#85 England/Goalkeeper James Trafford
23%
#81 France/Midlfielder Claudio Gomes
15%
#69 England/Midfielder Tommy Doyle
10%
#82 Spain/Midfielder Adrian Bernabe
8%
#61 England/Midfielder Felix Nmecha
8%
#79 England/Defender Luke Mbete
8%
#10 United States/Midfielder Miz Diskerud
0%
No matching quizzes found
Score Distribution
Percent of People with Each Score
Percentile by Number Answered
Your Score History
You have not taken this quiz